A jogi és a politikai bűn néhány problémája
Elmentve itt :
| Szerző: | |
|---|---|
| Testületi szerző: | |
| Dokumentumtípus: | Könyv része |
| Megjelent: |
2004
|
| Sorozat: | Lábjegyzetek Platónhoz
2-3 A bűn 2-3 |
| Kulcsszavak: | Büntetőjog, Politikai filozófia, Jogfilozófia, Politikai bűncselekmények |
| Tárgyszavak: | |
| Online Access: | http://acta.bibl.u-szeged.hu/49032 |
| LEADER | 00893naa a2200241 i 4500 | ||
|---|---|---|---|
| 001 | acta49032 | ||
| 005 | 20220107102746.0 | ||
| 008 | 170828s2004 hu o 0|| hun d | ||
| 020 | |a 963 212 659 9 | ||
| 022 | |a 1785 7082 | ||
| 040 | |a SZTE Egyetemi Kiadványok Repozitórium |b hun | ||
| 041 | |a hun | ||
| 100 | 1 | |a Földesi Tamás | |
| 245 | 1 | 2 | |a A jogi és a politikai bűn néhány problémája |h [elektronikus dokumentum] / |c Földesi Tamás |
| 260 | |c 2004 | ||
| 300 | |a 286-292 | ||
| 490 | 0 | |a Lábjegyzetek Platónhoz |v 2-3 | |
| 490 | 0 | |a A bűn |v 2-3 | |
| 650 | 4 | |a Bölcsészettudományok | |
| 650 | 4 | |a Filozófia, etika és vallástudományok | |
| 695 | |a Büntetőjog, Politikai filozófia, Jogfilozófia, Politikai bűncselekmények | ||
| 710 | |a Lábjegyzetek Platónhoz: A bűn (2004) (Szeged) | ||
| 856 | 4 | 0 | |u http://acta.bibl.u-szeged.hu/49032/1/platonhoz_002_003_286-292.pdf |z Dokumentum-elérés |